000 00641nam a2200205 a 4500
001 BRCA_1069
005 20190320203250.0
008 190508s2004----mx-a---###---#000-0#spa-#
020 _a8434467216
050 4 _aAM5
_b.A75 2004
100 1 _aRoselló Cerezuela, David
_93520
245 1 0 _aDiseño y evaluación de proyectos culturales
_cDavid Roselló i Cerezuela.
260 _aBarcelona
_bAriel
_c2004
300 _a22 p.
_bil., diagramas
_c24 cm.
440 0 _aAriel patrimonio
_93521
504 _aBibliografía: p. 221-222
650 1 4 _aProyectos culturales
_xAdministración
_93522
650 1 4 _aGestión cultural
_93523
942 _2lcc
_cB
999 _c948
_d948